| 000 | 00630nam a22001817a 4500 | ||
|---|---|---|---|
| 003 | CEME | ||
| 005 | 20210628205913.0 | ||
| 008 | 210208b xxu||||| |||| 00| 0 eng d | ||
| 020 | _a969-8122-07-9 | ||
| 040 | _c. | ||
| 082 | _a620.110287 ADV | ||
| 100 |
_aDr. A. Q. Khan Dr. M. Afzal Khan Dr. Anwar Ul Haq _977431 |
||
| 245 | _aAdvanced materials 97 | ||
| 260 |
_aRAWALPINDI _bDR. A. Q. KHAN RESEARCH LABORATORIES _c1997 |
||
| 300 | _a759P | ||
| 650 |
_aMAGNETIC AND OPTICAL MATERILAS SEMICONDUCTORS SUPERCONDUCTORS LASER QUALITY CONTROL-CONVENTIONAL AND COMPOSITE MATERIALS METAL MATRIX COMPOSITES _977432 |
||
| 942 |
_cBK _2ddc |
||
| 999 |
_c582701 _d582701 |
||